| 000 | 01666nam a2200253 a 4500 | ||
|---|---|---|---|
| 001 | 77790 | ||
| 003 | BD-RjUL | ||
| 005 | 20211209083027.0 | ||
| 008 | 210113s2018 bg ||||| m||| 00| 0 ben d | ||
| 035 | _a(BD-RjUL)78016 | ||
| 040 |
_aBD-RjUL _bben /eng _cBD-RjUL _dBD-RjUL |
||
| 082 |
_a892.7072 _bHAB 2018 _223 |
||
| 100 |
_aহক, মো. জিয়াউল _9243552 |
||
| 245 | 1 | 0 |
_aবাংলাদেশে আরবী সাহিত্য গবেষণা (১৯৭১-২০১২) = Research on Arabic literature in Bangladesh (1971-2012): _bপর্যালোচনা ও মূল্যায়ন = An Overview and Evaluation / _cমো. জিয়াউল হক ; _6সুপারভাইজার : মো. জাহিদুল ইসলাম |
| 246 |
_aResearch on Arabic literature in Bangladesh (1971-2012) : _bAn Overview and Evaluation |
||
| 260 |
_aরাজশাহী : _bআরবী বিভাগ, রাজশাহী বিশ্ববিদ্যাল, _c২০১৮ |
||
| 300 |
_ax, ৪৮৭ পাতা ; _c২৯ সেমি. |
||
| 502 | _aথিসিস (পিএইচ. ডি) -- আরবী বিভাগ, রাজশাহী বিশ্ববিদ্যাল, ২০১৮ | ||
| 504 | _aগ্রন্থপঞ্জি : পাতা [৪৭৫]-৪৮৭ | ||
| 650 |
_aআরবী সাহিত্য _xগবেষণা _zবাংলাদেশ _y১৯৭১-২০১২ _9243553 |
||
| 650 |
_aArabic Literature _xResearch _zBangladesh _y1971-2012 _9243554 |
||
| 700 |
_aইসলাম, মো. জাহিদুল, সুপারভাইজার _9243555 |
||
| 942 |
_2ddc _cTHE |
||
| 999 |
_c77790 _d77790 |
||